Estatísticas para 5 localidades mais populosas de cada distrito

Clique aqui para jogar o quiz

Estatísticas Gerais

  • Esse quiz foi jogado 34 vezes
  • A pontuação média é 49 de 120

Estatísticas das Respostas

Resposta% Correto
Lisboa
100%
Porto
95%
Braga
90%
Bragança
90%
Coimbra
90%
Aveiro
85%
Beja
85%
Castelo Branco
85%
Setúbal
85%
Viana do Castelo
85%
Vila Real
85%
Viseu
85%
Amadora
80%
Évora
80%
Faro
80%
Guarda
80%
Matosinhos
80%
Santarém
80%
Vila Nova de Gaia
80%
Covilhã
75%
Funchal
75%
Leiria
75%
Portalegre
75%
Portimão
75%
Albufeira
70%
Elvas
70%
Guimarães
70%
Almada
65%
Barcelos
65%
Chaves
65%
Lagos
65%
Lamego
65%
Angra do Heroísmo
60%
Figueira da Foz
60%
Fundão
60%
Loulé
60%
Maia
60%
Mira
60%
Ponta Delgada
60%
Barreiro
55%
Estremoz
55%
Mirandela
55%
Horta
50%
Macedo de Cavaleiros
50%
Machico
50%
Ovar
50%
Peniche
50%
Santa Maria da Feira
50%
Valença
50%
Abrantes
45%
Mangualde
45%
Moura
45%
Pombal
45%
Tondela
45%
Vila Nova de Famalicão
45%
Campo Maior
40%
Fafe
40%
Miranda do Douro
40%
Peso da Régua
40%
Queluz
40%
São João da Madeira
40%
Serpa
40%
Cantanhede
35%
Mogadouro
35%
Rio Tinto
35%
Sertã
35%
Torres Novas
35%
Agualva-Cacém
30%
Caldas da Rainha
30%
Câmara de Lobos
30%
Entroncamento
30%
Gouveia
30%
Marinha Grande
30%
Monção
30%
Nisa
30%
Oliveira de Azeméis
30%
Pinhel
30%
Seia
30%
Vendas Novas
30%
Caniço
25%
Montemor-o-Novo
25%
Samora Correia
25%
Valpaços
25%
Vila Pouca de Aguiar
25%
Vila Praia de Âncora
25%
Alcains
20%
Celorico da Beira
20%
Lagoa
20%
Ponte de Sor
20%
Reguengos de Monsaraz
20%
Ribeira Grande
20%
Amora
15%
Lousã
15%
Algueirão-Mem Martins
10%
Vila Nova de Milfontes
10%
Abraveses
5%
Arcozelo
5%
Corroios
5%
Estreito de Câmara de Lobos
5%
São Teotónio
5%
Distrito da Guarda
0%
Distrito de Aveiro
0%
Distrito de Beja
0%
Distrito de Braga
0%
Distrito de Bragança
0%
Distrito de Castelo Branco
0%
Distrito de Coimbra
0%
Distrito de Évora
0%
Distrito de Faro
0%
Distrito de Leiria
0%
Distrito de Lisboa
0%
Distrito de Portalegre
0%
Distrito de Santarém
0%
Distrito de Setúbal
0%
Distrito de Viana do Castelo
0%
Distrito de Vila Real
0%
Distrito de Viseu
0%
Distrito do Porto
0%
R. A. da Madeira
0%
R. A. dos Açores
0%

Distribuição das Pontuações

Percentil de Números Respondidos

Porcentagem de Pessoas com Cada Pontuação

Sua Pontuação Histórica

Você não jogou esse quiz